| 000 | 00600nam a22002057a 4500 | ||
|---|---|---|---|
| 005 | 20230209033155.0 | ||
| 008 | 230209b |||||||| |||| 00| 0 eng d | ||
| 020 | _a978-981-06-9887-4 | ||
| 082 | _a641 M478 2009 | ||
| 100 |
_aMcWilliams, Margaret _eauthor |
||
| 245 |
_aFundamentals of meal management / _cMargaret McWilliams |
||
| 250 | _a5th ed. | ||
| 260 |
_aSingapore: _bPearson Education South Asia, _cc2009 |
||
| 300 |
_axvii, 326p.: _bill. |
||
| 504 | _aIncludes index | ||
| 541 | _e1029 c.1, 1030 c.2, 4005 c.3, 4012 c.4 | ||
| 650 | _aMenus | ||
| 650 | _aFoods | ||
| 650 | _aMeals planning | ||
| 999 |
_c1005 _d1005 |
||